000 00797nam a2200229 a 4500
001 000025809
005 20200930024051.0
008 100308s1944 mx 000 d spa d
040 _aDO-SdBNP
_bspa
_cBNPHU
082 _a863.6
_bR456d
100 1 _aReyes, Alfonso.
_912593
245 1 0 _aDos o tres mundos :
_bcuentos y ensayos /
_cAlfonso Reyes ; selección y prólogo de Antonio Castro Leal.
260 _aMéxico, D. F. :
_bLetras de México,
_c1944.
300 _a218 p. ;
_c18 cm.
490 1 _aAntologías de autores modernos mexicanos
650 4 _aCuentos españoles
_93194
650 4 _aEnsayos españoles
_93095
650 4 _aLiteratura española
_9632
700 1 _aCastro Leal, Antonio,
_epról.
_99717
830 0 _aAntologías de autores modernos mexicanos
_952634
049 _aBNPD
999 _c25301
_d25301